Le gout d'Alexandrie /

שמור ב:
מידע ביבליוגרפי
מחברים אחרים: Errera, Eglal
פורמט: ספר
שפה:צרפתית
יצא לאור: [s.l.] : Mercure de France, c2003
סדרה:Le petit mercure
תגים: הוספת תג
אין תגיות, היה/י הראשונ/ה לתייג את הרשומה!

MARC

LEADER 00000nam a22000007i 4500
001 IT\ICCU\UBO\3348828
003 ItRI
005 20260115231839.0
008 080107s2003 fr |||||| ||||| |||||c
020 |a 271522365X 
040 |b ita  |c importazione bologna sebina 
041 7 |a fre  |2 ISO-639-2 
245 0 3 |a Le gout d'Alexandrie /  |c textes réunis et présentés par Eglal Errera. 
260 |a [s.l.] :  |b Mercure de France,  |c c2003 
300 |a 149 p. ;  |c 16 cm. 
700 1 |a Errera, Eglal  |0 IT\ICCU\RAVV\031111 
830 3 |a Le petit mercure  |0 IT\ICCU\TO0\0585759 
942 |2 ddc  |c BK  |n 0 
952 |0 0  |1 0  |4 0  |6 DOC_916_210000000000000_ERR  |7 0  |9 14146  |a BO  |b BO  |d 2026-01-15  |i 11687  |l 0  |o DOC 916.210 ERR  |p BO11687  |r 2026-01-15 23:18:39  |w 2026-01-15  |x [Sebina 5] [1 v.]  |y BK  |z 1 v. 
999 |c 12203  |d 12203